000 00913cam a2200241 a 4500
001 1619793
005 20250531160718.0
008 940711r19941990ilu 001 0 eng d
020 _a0802467989 (pbk.)
050 0 0 _aBV4501.2
_b.S215 1994
082 0 0 _a248.4
_220
100 1 _aSanders, J. Oswald
_q(John Oswald),
_d1902-1992.
245 1 0 _aSpiritual discipleship :
_bwith study guide /
_cby J. Oswald Sanders.
260 _aChicago :
_bMoody Press,
_cc1994.
300 _a175 p. ;
_c23 cm.
440 0 _aCommitment to spiritual growth series
500 _aOriginally published: Shoe-leather commitment. Chicago : Moody Press, c1990.
650 0 _aSpiritual formation.
650 0 _aChristian life.
700 1 _aSanders, J. Oswald
_q(John Oswald),
_d1902-1992.
_tShoe-leather commitment.
856 4 2 _3Publisher description
_uhttp://www.loc.gov/catdir/enhancements/fy0609/95104604-d.html
942 _2lcc
_cBK
_n0
999 _c6109
_d6109